"Nationalgerichte" aus aller Welt - Statistiken

Allgemein
  • Dieses Quiz wurde 189 mal gespielt
  • Das Durchschnittsergebnis liegt bei 15 aus 22
Antwortstatistiken
Hint Antwort % Korrekt
Currywurst Deutschland
98%
Schnitzel Österreich
97%
Pizza Italien
96%
Taco Mexiko
95%
Köttbullar Schweden
95%
Käsefondue Schweiz
92%
Miso-Suppe Japan
90%
Coq au Vin Frankreich
87%
Pelmeni Russland
86%
Pad Thai Thailand
82%
Kimchi Südkorea
77%
Ćevapčići Kroatien
73%
Dal Indien
69%
Borschtsch Ukraine
62%
Poutine Kanada
60%
Feijoada Brasilien
50%
Meat Pie Australien
44%
Bobotie Südafrika
36%
Asado Argentinien
35%
Fufu Ghana
24%
Hákarl Island
22%
Nihari Pakistan
15%
Keine übereinstimmenden Quizze gefunden
Verteilung der Resultate
Anzahl Personen mit jedem Resultat
Perzentil nach korrekt beantworteten Fragen
Ihre Resultats-Entwicklung
Sie haben dieses Quiz noch nicht gespielt